| 000 | 00331nam a22001337a 4500 | ||
|---|---|---|---|
| 020 | _a969-35-1291-X | ||
| 082 | _a910.4 TAR | ||
| 245 | _aCHITRAL DASTAAN | ||
| 250 | _aMUSTANSAR HUSSAIN TARAR | ||
| 260 |
_aLAHORE _bSANG-E-MEEL PUB _c2004 |
||
| 300 | _a256P | ||
| 650 |
_aURDU ADAB-SAFAR NAMA-CHITRAL DASTAAN _963311 |
||
| 942 | _cBK | ||
| 999 |
_c572176 _d572176 |
||